000 00575nam a2200217Ia 4500
005 20250923150137.0
008 008 250917s9999 xx 000 0 eng d
037 _aTextual
040 _aDSWL
_beng
_cDSWL
041 _aeng
_2eng
084 _qDSWL
100 _aHuberman, A M
_9842719
245 4 _aThe qualitative researcher's companion
_c by A M Huberman
260 _aLondon
_bSage Publications UK
_c2002
300 _a408p.
365 _aINR
_b1677.6
700 _a M B MILES
_9842720
925 _g1677.6
942 _cTEXL
999 _c1460049
_d1460049